000 00456pab a2200181 454500
008 180718b2008 xxu||||| |||| 00| 0 eng d
100 _aSamaratunge, Ramanie
245 _aTsunami engulfs Sri Lankan governance
260 _c2008
300 _ap.677-702.
362 _aDec
650 _aDisasters
700 _aHerath, H.M.A.
700 _aCoghill, Ken
773 _aInternational Review of Administrative Sciences
908 _aN
909 _a81252
999 _c81252
_d81252